000 00426nam a2200133Ia 4500
005 20260326235456.0
008 260326s9999||||xx |||||||||||||| ||und||
100 _aSociedad Colombiana de Arquitectos
245 0 _aXXI Bienal Colombiana de Arquitectura 2008 :
_b Construyendo con la poÉtica del lugar /
_cSociedad Colombiana de Arquitectos
260 _bSCA
300 _a397 p.
650 _aARQUITECTURA REGIONAL
942 _cBK
999 _c7937
_d7937